| 000 | 00806nam a22001937a 4500 | ||
|---|---|---|---|
| 003 | OSt | ||
| 005 | 20260216013918.0 | ||
| 008 | 260216b |||||||| |||| 00| 0 eng d | ||
| 020 | _a9780545440202 | ||
| 040 |
_aDWCL GS library _cOC |
||
| 082 | _aFic. S854j 2012 | ||
| 100 | _aStilton, Thea | ||
| 245 | _athe journey to atlantis | ||
| 300 |
_a308 _billustrations _c20cm |
||
| 520 | _aAt the beach by Mouseford Academy, the Thea Sisters discover a mysterious boy with blue skin washed up on the shore. He speaks an unfamiliar language, so the five mice call Thea Stilton for help. She sets the mouselings on an exciting journey to hunt for clues about the boy's origins. | ||
| 546 | _aEnglish | ||
| 700 | _aThea Stilton | ||
| 942 |
_2ddc _cFIC. _hFic. S854j 2012 _n0 |
||
| 999 |
_c8410 _d8410 |
||